[Event "Senior DM 2015"]
[Site "Randers"]
[Date "2015.02.10"]
[Round "4.1"]
[White "Stentebjerg-Hansen, Per"]
[Black "Christiansen, Arne"]
[Result "1-0"]
[LiveChessVersion "1.4.4"]
[BlackElo "2086"]
[WhiteElo "2195"]

1. d4 {[%clk 1:30:53]} Nf6 {[%clk 1:30:44]} 2. c4 {[%clk 1:31:14]} e6
{[%clk 1:30:50]} 3. Nc3 {[%clk 1:31:40]} d5 {[%clk 1:31:09]} 4. cxd5
{[%clk 1:32:01]} exd5 {[%clk 1:31:29]} 5. Bg5 {[%clk 1:32:26]} c6
{[%clk 1:31:05]} 6. Qc2 {[%clk 1:31:17]} Nbd7 {[%clk 1:30:52]} 7. e3
{[%clk 1:31:26]} Be7 {[%clk 1:30:28]} 8. Bd3 {[%clk 1:31:37]} O-O
{[%clk 1:29:36]} 9. Nge2 {[%clk 1:32:00]} Re8 {[%clk 1:27:55]} 10. O-O
{[%clk 1:28:15]} Nf8 {[%clk 1:26:28]} 11. f3 {[%clk 1:28:20]} h6 {[%clk 1:23:38]}
12. Bh4 {[%clk 1:27:06]} Ne6 {[%clk 1:17:01]} 13. Rad1 {[%clk 1:25:08]} b6
{[%clk 1:10:32]} 14. Rd2 {[%clk 1:00:44]} Bb7 {[%clk 1:09:36]} 15. Bf5
{[%clk 0:57:42]} Nd7 {[%clk 0:48:02]} 16. Bf2 {[%clk 0:53:20]} Bg5
{[%clk 0:45:14]} 17. Rdd1 {[%clk 0:53:19]} Ndf8 {[%clk 0:43:39]} 18. Ng3
{[%clk 0:49:13]} Bf6 {[%clk 0:37:13]} 19. Rfe1 {[%clk 0:47:56]} g6
{[%clk 0:34:04]} 20. Bd3 {[%clk 0:47:37]} Qd7 {[%clk 0:32:07]} 21. Nge2
{[%clk 0:44:15]} Rad8 {[%clk 0:29:08]} 22. Qb1 {[%clk 0:42:34]} Qc8
{[%clk 0:28:13]} 23. Bc2 {[%clk 0:42:41]} c5 {[%clk 0:21:23]} 24. Bg3
{[%clk 0:39:47]} Bc6 {[%clk 0:17:57]} 25. a3 {[%clk 0:38:33]} c4 {[%clk 0:16:06]}
26. Be5 {[%clk 0:37:18]} Bg7 {[%clk 0:08:12]} 27. Bxg7 {[%clk 0:36:34]} Kxg7
{[%clk 0:08:24]} 28. e4 {[%clk 0:36:41]} Nc7 {[%clk 0:07:28]} 29. e5
{[%clk 0:36:38]} b5 {[%clk 0:06:53]} 30. f4 {[%clk 0:34:14]} a5 {[%clk 0:06:49]}
31. b4 {[%clk 0:34:13]} axb4 {[%clk 0:06:11]} 32. axb4 {[%clk 0:33:47]} Bd7
{[%clk 0:05:37]} 33. Ng3 {[%clk 0:33:48]} Bg4 {[%clk 0:03:45]} 34. Rd2
{[%clk 0:34:14]} Qa6 {[%clk 0:02:44]} 35. h3 {[%clk 0:33:47]} Bc8
{[%clk 0:03:06]} 36. f5 {[%clk 0:32:59]} Qb6 {[%clk 0:03:05]} 37. Kh1
{[%clk 0:32:34]} g5 {[%clk 0:01:20]} 38. Nh5+ {[%clk 0:31:55]} Kh8
{[%clk 0:01:34]} 39. Nf6 {[%clk 0:32:18]} Re7 {[%clk 0:01:45]} 40. Qd1
{[%clk 1:02:22]} Nh7 {[%clk 0:31:35]} 41. Nxh7 {[%clk 1:02:19]} 1-0

[Event "Senior DM 2015"]
[Site "Randers"]
[Date "2015.02.10"]
[Round "4.2"]
[White "Larsen, Flemming Bo"]
[Black "Schleicher-Christensen, Jan"]
[Result "1-0"]
[LiveChessVersion "1.4.4"]
[BlackElo "2189"]
[WhiteElo "2164"]

1. c4 {[%clk 1:30:57]} c5 {[%clk 1:30:35]} 2. g3 {[%clk 1:30:11]} Nf6
{[%clk 1:30:29]} 3. Nf3 {[%clk 1:29:22]} b6 {[%clk 1:30:10]} 4. Bg2
{[%clk 1:29:14]} Bb7 {[%clk 1:30:34]} 5. O-O {[%clk 1:29:07]} e6 {[%clk 1:30:43]}
6. Nc3 {[%clk 1:29:21]} a6 {[%clk 1:30:54]} 7. d4 {[%clk 1:28:28]} cxd4
{[%clk 1:31:05]} 8. Qxd4 {[%clk 1:28:53]} d6 {[%clk 1:31:07]} 9. b3
{[%clk 1:28:58]} Nbd7 {[%clk 1:31:06]} 10. Ba3 {[%clk 1:28:27]} Nc5
{[%clk 1:29:54]} 11. b4 {[%clk 1:28:43]} Ncd7 {[%clk 1:29:31]} 12. e4
{[%clk 1:28:39]} Qc7 {[%clk 1:25:24]} 13. Nd2 {[%clk 1:27:28]} Be7
{[%clk 1:21:16]} 14. Bb2 {[%clk 1:27:03]} O-O {[%clk 1:20:27]} 15. Rac1
{[%clk 1:27:08]} Rac8 {[%clk 1:20:12]} 16. a3 {[%clk 1:25:54]} Rfe8
{[%clk 1:19:57]} 17. Rfe1 {[%clk 1:25:14]} Bf8 {[%clk 1:13:18]} 18. h3
{[%clk 1:23:31]} Ne5 {[%clk 1:02:41]} 19. Nd1 {[%clk 1:09:30]} Nfd7
{[%clk 0:53:43]} 20. Ne3 {[%clk 1:06:54]} Qb8 {[%clk 0:46:21]} 21. Rc2
{[%clk 0:53:31]} a5 {[%clk 0:41:31]} 22. Qc3 {[%clk 0:42:20]} b5 {[%clk 0:33:03]}
23. Qb3 {[%clk 0:37:44]} a4 {[%clk 0:29:12]} 24. Qa2 {[%clk 0:31:07]} Nd3
{[%clk 0:27:36]} 25. Rd1 {[%clk 0:29:22]} Qa7 {[%clk 0:19:12]} 26. Ba1
{[%clk 0:27:16]} bxc4 {[%clk 0:11:45]} 27. Ndxc4 {[%clk 0:22:59]} N3e5
{[%clk 0:11:40]} 28. Nxd6 {[%clk 0:21:20]} Rxc2 {[%clk 0:11:05]} 29. Qxc2
{[%clk 0:21:28]} Bxd6 {[%clk 0:11:13]} 30. Rxd6 {[%clk 0:21:48]} Rc8
{[%clk 0:11:37]} 31. Qd2 {[%clk 0:18:12]} 1-0

[Event "Senior DM 2015"]
[Site "Randers"]
[Date "2015.02.10"]
[Round "4.3"]
[White "Brautsch, Søren"]
[Black "Rossen, Claus"]
[Result "1-0"]
[LiveChessVersion "1.4.4"]
[BlackElo "2092"]
[WhiteElo "2230"]

1. d4 {[%clk 1:30:17]} Nf6 {[%clk 1:30:54]} 2. Nf3 {[%clk 1:30:32]} g6
{[%clk 1:31:19]} 3. Nc3 {[%clk 1:29:53]} Bg7 {[%clk 1:31:35]} 4. e4
{[%clk 1:30:14]} d6 {[%clk 1:32:01]} 5. Be2 {[%clk 1:29:50]} Bg4 {[%clk 1:31:56]}
6. h3 {[%clk 1:30:05]} Bxf3 {[%clk 1:32:21]} 7. Bxf3 {[%clk 1:30:31]} Nc6
{[%clk 1:32:46]} 8. Be3 {[%clk 1:29:07]} e5 {[%clk 1:28:07]} 9. d5
{[%clk 1:29:07]} Ne7 {[%clk 1:27:23]} 10. Qd2 {[%clk 1:27:28]} O-O
{[%clk 1:23:22]} 11. O-O-O {[%clk 1:26:42]} b5 {[%clk 1:13:58]} 12. Nxb5
{[%clk 1:24:42]} Nxe4 {[%clk 1:08:11]} 13. Bxe4 {[%clk 1:21:42]} f5
{[%clk 1:08:03]} 14. f3 {[%clk 1:15:56]} fxe4 {[%clk 1:06:51]} 15. fxe4
{[%clk 1:16:21]} Qb8 {[%clk 1:03:59]} 16. Nc3 {[%clk 1:10:55]} Qb4
{[%clk 0:56:41]} 17. a3 {[%clk 1:09:39]} Qc4 {[%clk 0:42:18]} 18. Qd3
{[%clk 1:06:46]} Qxd3 {[%clk 0:41:57]} 19. Rxd3 {[%clk 1:07:03]} a6
{[%clk 0:38:25]} 20. Na2 {[%clk 1:03:37]} Rab8 {[%clk 0:36:31]} 21. Rc3
{[%clk 1:02:49]} Rb7 {[%clk 0:34:29]} 22. Nb4 {[%clk 1:03:03]} a5
{[%clk 0:33:56]} 23. Nc6 {[%clk 1:01:15]} Nxc6 {[%clk 0:34:00]} 24. Rxc6
{[%clk 1:01:41]} a4 {[%clk 0:32:48]} 25. Kb1 {[%clk 0:54:53]} Rfb8
{[%clk 0:20:47]} 26. Bc1 {[%clk 0:54:57]} Ra7 {[%clk 0:14:35]} 27. Rf1
{[%clk 0:54:16]} Bf8 {[%clk 0:14:47]} 28. Rf3 {[%clk 0:47:36]} Be7
{[%clk 0:11:14]} 29. Rfc3 {[%clk 0:47:23]} Bd8 {[%clk 0:11:23]} 30. Ka2
{[%clk 0:46:25]} Rab7 {[%clk 0:07:42]} 31. b3 {[%clk 0:45:16]} Ra8
{[%clk 0:07:15]} 32. b4 {[%clk 0:41:02]} Kf7 {[%clk 0:05:40]} 33. Rf3+
{[%clk 0:40:23]} Kg7 {[%clk 0:04:46]} 34. Be3 {[%clk 0:40:17]} h6
{[%clk 0:02:52]} 35. c4 {[%clk 0:39:31]} Be7 {[%clk 0:01:33]} 36. c5
{[%clk 0:39:09]} h5 {[%clk 0:01:19]} 37. h4 {[%clk 0:37:04]} Bxh4
{[%clk 0:00:52]} 38. cxd6 {[%clk 0:37:13]} cxd6 {[%clk 0:01:18]} 39. Rxd6
{[%clk 0:37:28]} Rc8 {[%clk 0:01:04]} 40. Bc5 {[%clk 1:06:14]} Rbc7
{[%clk 0:30:35]} 41. Ra6 {[%clk 1:03:32]} Bg5 {[%clk 0:19:55]} 42. Rxa4
{[%clk 1:01:49]} h4 {[%clk 0:20:17]} 43. Kb3 {[%clk 0:56:56]} Bf4
{[%clk 0:20:01]} 44. Kc4 {[%clk 0:55:34]} g5 {[%clk 0:20:22]} 45. d6
{[%clk 0:55:44]} Rd7 {[%clk 0:15:23]} 46. Kd5 {[%clk 0:55:57]} g4
{[%clk 0:15:34]} 47. Rf1 {[%clk 0:54:13]} h3 {[%clk 0:09:22]} 48. gxh3
{[%clk 0:54:17]} gxh3 {[%clk 0:09:49]} 49. Ke6 {[%clk 0:51:33]} Rb7
{[%clk 0:06:13]} 50. Ra7 {[%clk 0:40:37]} Re8+ {[%clk 0:03:19]} 51. Kd5
{[%clk 0:39:09]} Rxa7 {[%clk 0:03:46]} 52. Bxa7 {[%clk 0:39:30]} h2
{[%clk 0:01:01]} 53. d7 {[%clk 0:37:43]} Rh8 {[%clk 0:01:05]} 54. Rh1
{[%clk 0:33:53]} Kf7 {[%clk 0:00:38]} 55. Bb6 {[%clk 0:33:55]} 1-0

[Event "Senior DM 2015"]
[Site "Randers"]
[Date "2015.02.10"]
[Round "4.4"]
[White "Sørensen, Bent"]
[Black "Sloth, Jørn"]
[Result "0-1"]
[LiveChessVersion "1.4.4"]
[BlackElo "2294"]
[WhiteElo "2196"]

1. d4 {[%clk 1:30:48]} Nf6 {[%clk 1:29:31]} 2. Nf3 {[%clk 1:30:54]} g6
{[%clk 1:26:14]} 3. b3 {[%clk 1:27:42]} Bg7 {[%clk 1:25:02]} 4. Bb2
{[%clk 1:28:01]} O-O {[%clk 1:24:57]} 5. c4 {[%clk 1:26:43]} d5 {[%clk 1:22:05]}
6. e3 {[%clk 1:23:43]} c5 {[%clk 1:17:51]} 7. dxc5 {[%clk 1:19:21]} Qa5+
{[%clk 1:16:23]} 8. Qd2 {[%clk 1:17:27]} Qxc5 {[%clk 1:15:23]} 9. Nc3
{[%clk 1:15:09]} dxc4 {[%clk 1:12:06]} 10. Bxc4 {[%clk 1:14:49]} Nc6
{[%clk 1:10:48]} 11. O-O {[%clk 1:13:21]} Bg4 {[%clk 1:08:31]} 12. Na4
{[%clk 1:07:28]} Qh5 {[%clk 1:02:14]} 13. Nd4 {[%clk 1:02:40]} Nxd4
{[%clk 0:58:27]} 14. Qxd4 {[%clk 0:58:00]} b5 {[%clk 0:49:21]} 15. f3
{[%clk 0:57:36]} Bd7 {[%clk 0:26:26]} 16. Nc5 {[%clk 0:53:41]} Rfd8
{[%clk 0:25:14]} 17. Nb7 {[%clk 0:44:41]} Rdb8 {[%clk 0:23:10]} 18. Bd3
{[%clk 0:39:14]} Rxb7 {[%clk 0:21:31]} 19. Be4 {[%clk 0:39:15]} e5
{[%clk 0:20:54]} 20. Bxb7 {[%clk 0:37:33]} exd4 {[%clk 0:21:05]} 21. Bxa8
{[%clk 0:37:56]} dxe3 {[%clk 0:16:25]} 22. Rfd1 {[%clk 0:33:11]} h6
{[%clk 0:14:41]} 23. Rac1 {[%clk 0:31:34]} Be6 {[%clk 0:14:23]} 24. Bd4
{[%clk 0:29:33]} e2 {[%clk 0:10:31]} 25. Rd3 {[%clk 0:26:38]} Ng4
{[%clk 0:09:42]} 26. fxg4 {[%clk 0:26:29]} Bxd4+ {[%clk 0:10:00]} 27. Rxd4
{[%clk 0:26:46]} Qc5 {[%clk 0:09:52]} 28. Rxc5 {[%clk 0:25:35]} e1=Q# 0-1

[Event "Senior DM 2015"]
[Site "Randers"]
[Date "2015.02.10"]
[Round "4.5"]
[White "Pedersen, Jan Rode"]
[Black "Øe, Oluf"]
[Result "1-0"]
[LiveChessVersion "1.4.4"]
[BlackElo "1843"]
[WhiteElo "2218"]

1. e4 {[%clk 1:30:56]} e5 {[%clk 1:30:48]} 2. Nf3 {[%clk 1:31:12]} Nc6
{[%clk 1:31:06]} 3. d4 {[%clk 1:31:35]} exd4 {[%clk 1:31:03]} 4. Nxd4
{[%clk 1:32:01]} Nxd4 {[%clk 1:30:35]} 5. Qxd4 {[%clk 1:32:26]} Qf6
{[%clk 1:30:18]} 6. e5 {[%clk 1:32:41]} Qb6 {[%clk 1:30:33]} 7. Qxb6
{[%clk 1:32:41]} axb6 {[%clk 1:30:47]} 8. Nc3 {[%clk 1:33:06]} Bb4
{[%clk 1:27:18]} 9. Bd2 {[%clk 1:33:27]} Ne7 {[%clk 1:20:36]} 10. Bc4
{[%clk 1:26:43]} O-O {[%clk 1:18:36]} 11. O-O-O {[%clk 1:21:39]} c6
{[%clk 1:08:33]} 12. Rhe1 {[%clk 1:13:47]} b5 {[%clk 1:03:17]} 13. Bb3
{[%clk 1:11:08]} b6 {[%clk 0:58:56]} 14. Ne4 {[%clk 1:10:55]} Bxd2+
{[%clk 0:59:02]} 15. Rxd2 {[%clk 1:10:51]} c5 {[%clk 0:58:03]} 16. c4
{[%clk 0:50:31]} bxc4 {[%clk 0:56:51]} 17. Bxc4 {[%clk 0:50:56]} Nf5
{[%clk 0:53:58]} 18. Nd6 {[%clk 0:40:23]} Nd4 {[%clk 0:51:06]} 19. Kb1
{[%clk 0:40:32]} Ba6 {[%clk 0:49:01]} 20. Bd5 {[%clk 0:40:37]} Rab8
{[%clk 0:47:30]} 21. Re3 {[%clk 0:40:12]} Ne6 {[%clk 0:43:38]} 22. g3
{[%clk 0:26:37]} g6 {[%clk 0:40:45]} 23. f4 {[%clk 0:25:54]} f5 {[%clk 0:33:45]}
24. Ra3 {[%clk 0:24:04]} Bc8 {[%clk 0:27:06]} 25. Ra7 {[%clk 0:23:55]} Rd8
{[%clk 0:27:27]} 26. Nxc8 {[%clk 0:21:44]} Rbxc8 {[%clk 0:27:04]} 27. Rxd7
{[%clk 0:21:39]} 1-0

[Event "Senior DM 2015"]
[Site "Randers"]
[Date "2015.02.10"]
[Round "4.6"]
[White "Olesen, Poul Erik Nørregaard"]
[Black "Jørgensen, Jørgen"]
[Result "0-1"]
[LiveChessVersion "1.4.4"]
[BlackElo "2167"]
[WhiteElo "1974"]

1. e4 {[%clk 1:30:55]} c6 {[%clk 1:30:55]} 2. d3 {[%clk 1:31:02]} d5
{[%clk 1:31:17]} 3. Nd2 {[%clk 1:31:20]} g6 {[%clk 1:31:40]} 4. g3
{[%clk 1:29:26]} Bg7 {[%clk 1:31:55]} 5. Bg2 {[%clk 1:29:42]} e5 {[%clk 1:31:24]}
6. Ngf3 {[%clk 1:14:06]} Ne7 {[%clk 1:31:26]} 7. O-O {[%clk 1:11:29]} O-O
{[%clk 1:31:29]} 8. c3 {[%clk 1:10:37]} a5 {[%clk 1:29:55]} 9. d4
{[%clk 1:03:16]} exd4 {[%clk 1:22:50]} 10. Nxd4 {[%clk 1:03:29]} a4
{[%clk 1:22:49]} 11. exd5 {[%clk 0:56:21]} Nxd5 {[%clk 1:10:42]} 12. Nc4
{[%clk 0:51:30]} Na6 {[%clk 0:51:27]} 13. Ne3 {[%clk 0:43:53]} Nac7
{[%clk 0:38:44]} 14. Nec2 {[%clk 0:28:05]} a3 {[%clk 0:37:47]} 15. Ne2
{[%clk 0:23:21]} axb2 {[%clk 0:35:19]} 16. Bxb2 {[%clk 0:23:49]} Nb5
{[%clk 0:28:06]} 17. Ncd4 {[%clk 0:23:00]} Ndxc3 {[%clk 0:22:57]} 18. Nxc3
{[%clk 0:20:22]} Nxd4 {[%clk 0:22:18]} 19. a4 {[%clk 0:19:37]} Qa5
{[%clk 0:19:47]} 20. Kh1 {[%clk 0:15:34]} Be6 {[%clk 0:18:01]} 21. Nb5
{[%clk 0:13:27]} cxb5 {[%clk 0:14:16]} 22. Bxd4 {[%clk 0:12:50]} Rad8
{[%clk 0:14:40]} 23. axb5 {[%clk 0:11:19]} Qxb5 {[%clk 0:14:55]} 24. Ra4
{[%clk 0:11:12]} Bb3 {[%clk 0:15:10]} 25. Qa1 {[%clk 0:11:00]} Qxa4
{[%clk 0:13:29]} 26. Bxg7 {[%clk 0:11:19]} Qxa1 {[%clk 0:13:45]} 27. Bxa1
{[%clk 0:11:36]} Bd5 {[%clk 0:14:04]} 28. f3 {[%clk 0:11:11]} f5 {[%clk 0:13:21]}
29. Bc3 {[%clk 0:10:51]} Bc6 {[%clk 0:13:26]} 30. Rb1 {[%clk 0:10:51]} Rd3
{[%clk 0:13:30]} 31. Bb4 {[%clk 0:10:51]} Rfd8 {[%clk 0:13:44]} 0-1

[Event "Senior DM 2015"]
[Site "Randers"]
[Date "2015.02.10"]
[Round "4.7"]
[White "Hvenekilde, Jørgen"]
[Black "Marshall, Michael O."]
[Result "1-0"]
[LiveChessVersion "1.4.4"]
[BlackElo "1815"]
[WhiteElo "2087"]

1. e4 {[%clk 1:30:55]} c5 {[%clk 1:30:55]} 2. Nf3 {[%clk 1:30:52]} e6
{[%clk 1:30:38]} 3. Be2 {[%clk 1:28:55]} Nc6 {[%clk 1:29:23]} 4. O-O
{[%clk 1:28:37]} Nf6 {[%clk 1:26:56]} 5. d3 {[%clk 1:27:24]} d6 {[%clk 1:23:06]}
6. Nbd2 {[%clk 1:25:00]} Be7 {[%clk 1:21:46]} 7. c3 {[%clk 1:23:01]} O-O
{[%clk 1:18:40]} 8. Re1 {[%clk 1:17:54]} b6 {[%clk 1:15:20]} 9. Nf1
{[%clk 1:15:22]} Bb7 {[%clk 1:13:07]} 10. Ng3 {[%clk 1:13:18]} Qc7
{[%clk 1:07:18]} 11. Bf1 {[%clk 1:11:38]} Rad8 {[%clk 1:06:47]} 12. h3
{[%clk 1:11:15]} Rfe8 {[%clk 1:00:14]} 13. Bd2 {[%clk 1:07:31]} Ba6
{[%clk 0:50:38]} 14. Qc2 {[%clk 1:02:53]} Rc8 {[%clk 0:50:13]} 15. b3
{[%clk 0:56:28]} Bb7 {[%clk 0:47:58]} 16. Rac1 {[%clk 0:48:28]} Qb8
{[%clk 0:45:34]} 17. Qb2 {[%clk 0:46:49]} Bf8 {[%clk 0:32:11]} 18. Rcd1
{[%clk 0:41:03]} g6 {[%clk 0:27:00]} 19. Qc1 {[%clk 0:40:18]} Bg7
{[%clk 0:26:40]} 20. Bh6 {[%clk 0:40:18]} Rcd8 {[%clk 0:22:25]} 21. Qf4
{[%clk 0:29:29]} Nd7 {[%clk 0:15:42]} 22. Bxg7 {[%clk 0:22:02]} Kxg7
{[%clk 0:16:06]} 23. d4 {[%clk 0:18:55]} e5 {[%clk 0:15:31]} 24. Qg5
{[%clk 0:15:55]} Qc7 {[%clk 0:10:31]} 25. d5 {[%clk 0:11:17]} Ne7
{[%clk 0:09:41]} 26. Bb5 {[%clk 0:11:30]} Rh8 {[%clk 0:06:00]} 27. Qxe7
{[%clk 0:10:51]} Bc8 {[%clk 0:05:44]} 28. Ng5 {[%clk 0:09:49]} Rhf8
{[%clk 0:05:16]} 29. Ne6+ {[%clk 0:10:04]} 1-0

[Event "Senior DM 2015"]
[Site "Randers"]
[Date "2015.02.10"]
[Round "4.8"]
[White "Larsen, Henning"]
[Black "Kølbæk, Jens"]
[Result "0-1"]
[LiveChessVersion "1.4.4"]
[BlackElo "2197"]
[WhiteElo "1856"]

1. e4 {[%clk 1:30:54]} e5 {[%clk 1:30:45]} 2. Nf3 {[%clk 1:31:06]} Nc6
{[%clk 1:31:02]} 3. Bb5 {[%clk 1:31:16]} a6 {[%clk 1:31:23]} 4. Ba4
{[%clk 1:31:39]} Nf6 {[%clk 1:31:42]} 5. O-O {[%clk 1:31:54]} Nxe4
{[%clk 1:31:45]} 6. d4 {[%clk 1:31:33]} b5 {[%clk 1:32:00]} 7. Bb3
{[%clk 1:31:54]} d5 {[%clk 1:32:21]} 8. dxe5 {[%clk 1:32:07]} Be6
{[%clk 1:32:43]} 9. Nbd2 {[%clk 1:31:47]} Nxd2 {[%clk 1:23:40]} 10. Qxd2
{[%clk 1:19:37]} Qd7 {[%clk 1:22:17]} 11. Re1 {[%clk 1:12:52]} Bc5
{[%clk 1:14:45]} 12. c3 {[%clk 1:06:15]} O-O {[%clk 1:12:17]} 13. Qd3
{[%clk 0:55:36]} Ne7 {[%clk 1:05:00]} 14. Nd4 {[%clk 0:53:15]} Bb6
{[%clk 1:04:08]} 15. Bc2 {[%clk 0:51:49]} g6 {[%clk 0:52:43]} 16. Qf3
{[%clk 0:44:45]} Nf5 {[%clk 0:47:49]} 17. Nxf5 {[%clk 0:42:43]} Bxf5
{[%clk 0:48:12]} 18. Bh6 {[%clk 0:41:15]} Rfe8 {[%clk 0:48:33]} 19. g4
{[%clk 0:40:59]} Bxc2 {[%clk 0:45:55]} 20. Qf6 {[%clk 0:41:07]} Qxg4+
{[%clk 0:45:55]} 21. Kh1 {[%clk 0:38:21]} Be4+ {[%clk 0:46:09]} 22. Rxe4
{[%clk 0:38:00]} Qxe4+ {[%clk 0:46:33]} 23. f3 {[%clk 0:37:42]} Qxe5
{[%clk 0:46:59]} 0-1

[Event "Senior DM 2015"]
[Site "Randers"]
[Date "2015.02.10"]
[Round "4.9"]
[White "Andersen, Carl Johan"]
[Black "Holst, Per"]
[Result "1/2-1/2"]
[LiveChessVersion "1.4.4"]
[BlackElo "2020"]
[WhiteElo "1822"]

1. e4 {[%clk 1:30:30]} e6 {[%clk 1:30:56]} 2. d4 {[%clk 1:30:48]} d5
{[%clk 1:31:19]} 3. Nc3 {[%clk 1:31:07]} Bb4 {[%clk 1:31:40]} 4. Nge2
{[%clk 1:31:12]} dxe4 {[%clk 1:31:53]} 5. a3 {[%clk 1:31:34]} Bxc3+
{[%clk 1:28:56]} 6. Nxc3 {[%clk 1:31:53]} Nc6 {[%clk 1:29:20]} 7. Bb5
{[%clk 1:31:48]} Nge7 {[%clk 1:29:39]} 8. Bg5 {[%clk 1:30:02]} f6
{[%clk 1:29:34]} 9. Be3 {[%clk 1:30:36]} O-O {[%clk 1:26:56]} 10. Qd2
{[%clk 1:30:41]} f5 {[%clk 1:21:42]} 11. O-O-O {[%clk 1:30:12]} Nd5
{[%clk 1:20:18]} 12. Bg5 {[%clk 1:30:08]} Nce7 {[%clk 1:10:51]} 13. f3
{[%clk 1:29:23]} exf3 {[%clk 1:05:23]} 14. gxf3 {[%clk 1:29:29]} Nxc3
{[%clk 1:01:41]} 15. Qxc3 {[%clk 1:29:37]} Nd5 {[%clk 0:58:47]} 16. Qd2
{[%clk 1:29:43]} Qd6 {[%clk 0:57:47]} 17. Rhg1 {[%clk 1:27:28]} Kh8
{[%clk 0:51:51]} 18. c4 {[%clk 1:24:42]} c6 {[%clk 0:50:31]} 19. Ba4
{[%clk 1:23:42]} Nf6 {[%clk 0:47:53]} 20. Bf4 {[%clk 1:23:22]} Qe7
{[%clk 0:45:43]} 21. Be5 {[%clk 1:22:14]} b5 {[%clk 0:41:33]} 22. Bb3
{[%clk 1:20:06]} bxc4 {[%clk 0:39:06]} 23. Bxc4 {[%clk 1:20:25]} Bb7
{[%clk 0:38:59]} 24. Rg3 {[%clk 1:19:53]} Rf7 {[%clk 0:35:18]} 25. Rdg1
{[%clk 1:19:58]} Rg8 {[%clk 0:33:41]} 26. Qh6 {[%clk 1:19:19]} Bc8
{[%clk 0:27:08]} 27. Rxg7 {[%clk 0:58:01]} Rgxg7 {[%clk 0:20:26]} 28. Rxg7
{[%clk 0:58:20]} Rxg7 {[%clk 0:18:42]} 29. Bxf6 {[%clk 0:58:45]} Qf7
{[%clk 0:18:25]} 30. Kd2 {[%clk 0:56:44]} Qg6 {[%clk 0:15:53]} 31. Bxg7+
{[%clk 0:56:16]} Qxg7 {[%clk 0:16:12]} 32. Qxg7+ {[%clk 0:55:14]} Kxg7
{[%clk 0:15:41]} 33. f4 {[%clk 0:53:17]} Kf6 {[%clk 0:13:14]} 34. Be2
{[%clk 0:52:47]} Ke7 {[%clk 0:12:06]} 35. Kc3 {[%clk 0:53:06]} Kd6
{[%clk 0:12:14]} 36. Bf3 {[%clk 0:53:09]} Ba6 {[%clk 0:10:25]} 37. a4
{[%clk 0:52:14]} Bf1 {[%clk 0:09:09]} 38. b4 {[%clk 0:51:34]} Ba6
{[%clk 0:05:18]} 39. Kd2 {[%clk 0:51:17]} Bc4 {[%clk 0:04:59]} 40. Ke3
{[%clk 0:51:07]} Bb3 {[%clk 0:34:05]} 41. a5 {[%clk 1:18:32]} Bd5
{[%clk 0:30:41]} 42. Be2 {[%clk 1:18:29]} Be4 {[%clk 0:27:10]} 43. Bc4
{[%clk 1:18:26]} Bd5 {[%clk 0:25:46]} 44. Be2 {[%clk 1:18:14]} Bb3
{[%clk 0:25:49]} 45. Bf3 {[%clk 1:17:20]} Bc4 {[%clk 0:24:03]} 46. Kf2
{[%clk 1:14:24]} Bd3 {[%clk 0:20:53]} 47. Ke3 {[%clk 1:13:38]} Bc2
{[%clk 0:19:32]} 48. Be2 {[%clk 1:11:11]} Kd5 {[%clk 0:17:39]} 49. Kd2
{[%clk 1:09:29]} Ba4 {[%clk 0:17:19]} 50. Kc3 {[%clk 1:09:07]} Ke4
{[%clk 0:12:58]} 51. Bc4 {[%clk 1:09:35]} Kxf4 {[%clk 0:12:46]} 52. Bxe6
{[%clk 1:10:03]} Ke4 {[%clk 0:12:31]} 53. Kc4 {[%clk 1:09:09]} Bb5+
{[%clk 0:06:12]} 54. Kc5 {[%clk 1:08:55]} a6 {[%clk 0:05:30]} 55. d5
{[%clk 1:08:39]} cxd5 {[%clk 0:05:34]} 56. Bxd5+ {[%clk 1:09:31]} Ke3
{[%clk 0:05:51]} 57. Bc6 {[%clk 1:04:42]} Bxc6 {[%clk 0:02:27]} 58. Kxc6
{[%clk 1:05:09]} f4 {[%clk 0:02:49]} 59. b5 {[%clk 1:05:36]} f3 {[%clk 0:02:41]}
60. b6 {[%clk 1:05:35]} f2 {[%clk 0:03:04]} 61. b7 {[%clk 1:06:03]} f1=Q
{[%clk 0:03:27]} 62. b8=Q {[%clk 1:06:22]} Qf6+ {[%clk 0:03:03]} 63. Qd6
{[%clk 1:05:41]} Qb2 {[%clk 0:02:14]} 64. Qg3+ {[%clk 1:04:46]} Ke4
{[%clk 0:02:20]} 65. Qg4+ {[%clk 1:02:52]} Ke3 {[%clk 0:02:49]} 66. Qg1+
{[%clk 1:02:48]} Ke4 {[%clk 0:03:03]} 67. Qb6 {[%clk 1:02:46]} Qxh2
{[%clk 0:02:26]} 68. Qxa6 {[%clk 1:02:50]} Qc2+ {[%clk 0:02:33]} 69. Kb7
{[%clk 1:03:09]} Qb3+ {[%clk 0:02:21]} 70. Qb6 {[%clk 1:02:42]} Qf7+
{[%clk 0:02:36]} 71. Qc7 {[%clk 1:02:10]} Qb3+ {[%clk 0:02:53]} 72. Ka8
{[%clk 1:01:54]} Qg8+ {[%clk 0:02:20]} 73. Qb8 {[%clk 1:01:55]} Qg5
{[%clk 0:01:46]} 74. a6 {[%clk 0:59:56]} Qa5 {[%clk 0:01:19]} 75. Qb7+
{[%clk 0:59:49]} Ke3 {[%clk 0:01:33]} 76. Qe7+ {[%clk 0:56:00]} Kf2
{[%clk 0:01:46]} 77. Qf6+ {[%clk 0:54:57]} Kg1 {[%clk 0:02:02]} 78. a7
{[%clk 0:55:04]} Qc7 {[%clk 0:01:31]} 79. Qa1+ {[%clk 0:53:51]} Kf2
{[%clk 0:01:42]} 80. Qb2+ {[%clk 0:54:10]} Kf1 {[%clk 0:02:01]} 81. Qb7
{[%clk 0:52:41]} Qd8+ {[%clk 0:02:07]} 82. Qb8 {[%clk 0:53:08]} Qd5+
{[%clk 0:02:35]} 83. Qb7 Qd8+ 84. Qb8 {[%clk 0:52:58]} Qd5+ {[%clk 0:02:58]} 85.
Qb7 {[%clk 0:53:12]} 1/2-1/2

[Event "Senior DM 2015"]
[Site "Randers"]
[Date "2015.02.10"]
[Round "4.10"]
[White "Madsen, Svend Aage"]
[Black "Mostrup, Jørn"]
[Result "1/2-1/2"]
[LiveChessVersion "1.4.4"]
[BlackElo "2060"]
[WhiteElo "2000"]

1. e4 {[%clk 1:30:53]} c5 {[%clk 1:30:47]} 2. Nf3 {[%clk 1:31:13]} d6
{[%clk 1:31:12]} 3. c3 {[%clk 1:31:09]} Nf6 {[%clk 1:30:47]} 4. Qc2
{[%clk 1:31:17]} Nc6 {[%clk 1:30:35]} 5. d4 {[%clk 1:31:21]} cxd4
{[%clk 1:25:04]} 6. cxd4 {[%clk 1:31:40]} e6 {[%clk 1:24:03]} 7. Nc3
{[%clk 1:31:16]} Bd7 {[%clk 1:24:01]} 8. d5 {[%clk 1:27:02]} exd5
{[%clk 1:17:41]} 9. exd5 {[%clk 1:27:15]} Nb4 {[%clk 1:09:12]} 10. Qb3
{[%clk 1:21:46]} Qa5 {[%clk 1:07:26]} 11. Bd2 {[%clk 1:19:53]} Qc5
{[%clk 0:47:53]} 12. Rc1 {[%clk 1:02:15]} Rc8 {[%clk 0:45:50]} 13. Be2
{[%clk 0:54:51]} Nbxd5 {[%clk 0:41:33]} 14. Qxb7 {[%clk 0:51:11]} Qb6
{[%clk 0:39:50]} 15. Qxb6 {[%clk 0:48:09]} axb6 {[%clk 0:38:20]} 16. O-O
{[%clk 0:47:36]} Be7 {[%clk 0:37:37]} 17. Nxd5 {[%clk 0:46:38]} Nxd5
{[%clk 0:38:00]} 18. Bc4 {[%clk 0:46:06]} Nc7 {[%clk 0:28:54]} 19. Rfe1
{[%clk 0:44:38]} Ne6 {[%clk 0:28:47]} 20. Ng5 {[%clk 0:35:14]} Nd8
{[%clk 0:23:16]} 21. Bf4 {[%clk 0:30:45]} Kf8 {[%clk 0:23:34]} 22. Ne4
{[%clk 0:27:02]} b5 {[%clk 0:15:32]} 23. Bd5 {[%clk 0:24:25]} Rxc1
{[%clk 0:12:26]} 24. Rxc1 {[%clk 0:24:51]} f5 {[%clk 0:12:38]} 25. Ng5
{[%clk 0:13:41]} h6 {[%clk 0:11:47]} 26. Nf3 {[%clk 0:12:50]} g5 {[%clk 0:11:59]}
27. Be3 {[%clk 0:11:51]} Bf6 {[%clk 0:12:06]} 28. Bd4 {[%clk 0:09:56]} Bxd4
{[%clk 0:12:00]} 29. Nxd4 {[%clk 0:10:24]} Rh7 {[%clk 0:11:34]} 30. Re1
{[%clk 0:08:33]} Re7 {[%clk 0:11:41]} 31. Kf1 {[%clk 0:08:24]} Re5
{[%clk 0:11:26]} 32. Rxe5 {[%clk 0:04:54]} dxe5 {[%clk 0:11:54]} 33. Nf3
{[%clk 0:04:58]} e4 {[%clk 0:11:24]} 34. Nd4 {[%clk 0:02:20]} Ke7
{[%clk 0:11:33]} 35. Ke2 {[%clk 0:02:29]} Kd6 {[%clk 0:11:51]} 36. Bg8
{[%clk 0:02:10]} Ke5 {[%clk 0:09:55]} 37. Nc2 {[%clk 0:01:19]} Nc6
{[%clk 0:09:11]} 1/2-1/2